Catálogo público

Extractivismo y neoextractivismo en el sur de México : (Record no. 111366)

MARC details
000 -CABECERA
campo de control de longitud fija 01086nam a2200325 a 4500
001 - NÚMERO DE CONTROL
campo de control 000114905
003 - IDENTIFICADOR DEL NÚMERO DE CONTROL
campo de control CHAP
005 - FECHA Y HORA DE LA ÚLTIMA TRANSACCIÓN
campo de control 20220329144503.0
008 - DATOS DE LONGITUD FIJA--INFORMACIÓN GENERAL
campo de control de longitud fija 180801s2017 mx a |r| |||1|||spa d
010 ## - NÚMERO DE CONTROL DE LA BIBLIOTECA DEL CONGRESO
Número de control de LC 111366
011 ## - ENLACE DEL NUMERO DE CONTROL DE LA BIBLIOTECA DEL CONGRESO [OBSOLETO]
Número de control de LC 112338
020 ## - NÚMERO INTERNACIONAL ESTÁNDAR DEL LIBRO
Número Internacional Estándar del Libro 9786071204899
040 ## - FUENTE DE LA CATALOGACIÓN
Centro/agencia transcriptor CHAP
082 04 - NÚMERO DE LA CLASIFICACIÓN DECIMAL DEWEY
Número de clasificación 333.816097275
Número de documento/Ítem G53
245 #0 - MENCIÓN DE TÍTULO
Título Extractivismo y neoextractivismo en el sur de México :
Resto del título múltiples miradas /
Mención de responsabilidad, etc. coordinador Antonio García García.
260 ## - PUBLICACIÓN, DISTRIBUCIÓN, ETC.
Lugar de publicación, distribución, etc. Chapingo México :
Nombre del editor, distribuidor, etc. UACH,
Fecha de publicación, distribución, etc. 2017.
300 ## - DESCRIPCIÓN FÍSICA
Extensión 356 p. :
Otras características físicas il., cuadros.
590 ## - NOTA LOCAL (RLIN)
Nota local E6337LMJ
Procedencia (VM) [OBSOLETO] 05
Condición del los carretes individuales (VM) [OBSOLETO] 20180801
-- UCH01
-- 1447
590 ## - NOTA LOCAL (RLIN)
Nota local E6337LMJ
Procedencia (VM) [OBSOLETO] 05
Condición del los carretes individuales (VM) [OBSOLETO] 20180802
-- UCH01
-- 1007
590 ## - NOTA LOCAL (RLIN)
Nota local E6337LMJ
Procedencia (VM) [OBSOLETO] 05
Condición del los carretes individuales (VM) [OBSOLETO] 20180802
-- UCH01
-- 1040
590 ## - NOTA LOCAL (RLIN)
Nota local E6337LMJ
Procedencia (VM) [OBSOLETO] 05
Condición del los carretes individuales (VM) [OBSOLETO] 20180802
-- UCH01
-- 1041
650 14 - PUNTO DE ACCESO ADICIONAL DE MATERIA--TÉRMINO DE MATERIA
Término de materia o nombre geográfico como elemento de entrada Medio ambiente
Subdivisión general Preservación.
9 (RLIN) 74105
650 14 - PUNTO DE ACCESO ADICIONAL DE MATERIA--TÉRMINO DE MATERIA
Término de materia o nombre geográfico como elemento de entrada Medio ambiente
Subdivisión general Protección.
9 (RLIN) 74106
650 14 - PUNTO DE ACCESO ADICIONAL DE MATERIA--TÉRMINO DE MATERIA
Término de materia o nombre geográfico como elemento de entrada Recursos naturales
Subdivisión general Aprovechamiento
Subdivisión geográfica Chiapas.
9 (RLIN) 95195
651 14 - PUNTO DE ACCESO ADICIONAL DE MATERIA--NOMBRE GEOGRÁFICO
Nombre geográfico Chiapas
Subdivisión general Condiciones económicas.
9 (RLIN) 22225
700 0# - PUNTO DE ACCESO ADICIONAL--NOMBRE DE PERSONA
Nombre de persona García García, Antonio
Término indicativo de función/relación coord.
9 (RLIN) 46021
901 ## - ELEMENTOS DE DATOS A LOCAL LDA (RLIN)
a BK
942 ## - ELEMENTOS DE PUNTO DE ACCESO ADICIONAL (KOHA)
Tipo de ítem Koha Libro
942 ## - ELEMENTOS DE PUNTO DE ACCESO ADICIONAL (KOHA)
Suprimir en OPAC 0
Holdings
Estado de retiro Estado de pérdida Fuente del sistema de clasificación o colocación Estado dañado Restricciones de uso No para préstamo Código de colección Localización permanente Ubicación/localización actual Ubicación en estantería Fecha de adquisición Información codificada de la localización en otra ubicación Total de préstamos Signatura topográfica completa Código de barras Fecha visto por última vez Número de copia Precio válido a partir de Tipo de ítem Koha
    Dewey Decimal Classification   Préstamo 15 días   General Biblioteca Central Biblioteca Central Planta alta - Colección General 02/08/2018 LIBRO   333.816097275 G53 33724002550389 31/12/2019 c.2 31/12/2019 Libro
        Préstamo interno   Publicaciones UACh Biblioteca Central Biblioteca Central Planta alta - Área de Tesis - UACh 02/08/2018 LIBRO   333.816097275 G53 33724002549637 31/12/2019   02/08/2018 Libro